000 01187nam a22003497a 4500
001 BR9903842
003 BR-BrBNA
005 20230928100454.0
007 ta
008 230509b bl.||||| |||| 00| 0 por d
040 _aBR-BrBNA
_bpor
_cBiblioteca Nacional de Agricultura
041 _a(Por)
072 _aL51
_b5214
_b0120
_b9205
090 _ 5214 BR9903842
100 1 _aMenezes Junior, M.P.
110 1 _aEscola Superior de Agricultura Luiz de Queiroz, Piracicaba, SP (Brasil)
_0Tese (Mestre em Agronomia)
245 1 _aEfeito do processamento do grao de milho e sua substituicao parcial por polpa de citros peletizada sobre o desempenho, digestibilidade de nutrientes e parametros sanguineos de vacas de leite
260 3 _aPiracicaba, SP (Brasil):
_c1999.
300 _a97 p.
500 _aSummaries (Eng, Por); Bibliography p. 81-97; 12 tables; 10 illus.
650 _aVaca Leiteira
650 _aMilho
650 _aGrao
650 _aFruta Citrica
650 _aPolpa de Fruta
650 _aPeletizacao
650 _aDigestibilidade
650 _aComposicao de Alimento
650 _aPerformance
909 _a202309
_bLucia
_c55
_dLucia Elande
942 _cBK
999 _c61453
_d61453